Ellas ellos (Registro nro. 9394)

Detalles MARC
000 -CABECERA
Longitud fija campo de control 01147nam a2200265 a 4500
003 - • IDENTIFICADOR DELl NÚMERO DE CONTROL
Identificador del número de control CO-ViMGA
005 - • FECHA Y HORA DE LA ÚLTIMA TRANSACCIÓN
Fecha y hora de la última transacción 20230915233130.0
008 - • CÓDIGOS DE INFORMACIÓN DE LONGITUD FIJA
Códigos de información de longitud fija 090121s2008 ck a gr 0001hdspa d
020 ## - • NÚMERO INTERNACIONAL NORMALIZADO PARA LIBROS
Número Internacional Normalizado para Libros (ISBN) 9789588306292
040 ## - FUENTE DE LA CATALOGACIÓN
Centro catalogador de origen CO-ViMGA
Lengua de catalogación spa
Centro transcriptor CO-ViMGA
043 ## - CÓDIGO DE ÁREA GEOGRÁFICA
Código de área geográfica s-ck---
082 04 - • NÚMERO DE LA CLASIFICACIÓN DECIMAL DEWEY
Número de clasificación (R) Co867
Número del ítem V15e
100 10 - • PUNTO DE ACCESO PRINCIPAL-NOMBRE DE PERSONA
Nombre de persona Vallejo, Silvia
245 13 - • TITULO PROPIAMENTE DICHO
Título Ellas ellos
Mención de responsabilidad, etc. textos Silvia Vallejo ; ilustraciones Betto
250 ## - • MENCIÓN DE EDICIÓN
Mención de edición 1a. edicin̤
300 ## - • DESCRIPCIÓN FÍSICA
Extensión 89 pg̀inas
Otras características físicas ilustraciones
Dimensiones 23 cm.
500 ## - • NOTA GENERAL
Nota general Dotación Villegas Editores
520 3# - • NOTA DE RESUMEN
Resumen, etc, 80 caricaturas de Betto acompañan igual numero de textos humorísticos de Silvia Vallejo sobre estereotipos típicos de los humanos (40 masculinos y 40 femeninos). All esta representados el avaro, el misogino, el vividor, el beodo, la chismosa, la miedosa y la feminista, entre otros.
650 14 - • PUNTO DE ACCESO ADICIONAL DE MATERIA - TÉRMINO DE MATERIA
Fuente del encabezamiento o término LEMB
Término de materia o nombre geográfico como elemento inicial Hombres
Subdivisión de forma Anécdotas, chistes, sát̀iras, etc.
650 14 - • PUNTO DE ACCESO ADICIONAL DE MATERIA - TÉRMINO DE MATERIA
Fuente del encabezamiento o término LEMB
Término de materia o nombre geográfico como elemento inicial Humorismo colombiano
650 14 - • PUNTO DE ACCESO ADICIONAL DE MATERIA - TÉRMINO DE MATERIA
Fuente del encabezamiento o término LEMB
Término de materia o nombre geográfico como elemento inicial Mujeres
Subdivisión de forma Anécdotas, chistes, sát̀iras, etc.
700 10 - • PUNTO DE ACCESO ADICIONAL - NOMBRE DE PERSONA
Nombre de persona Betto,
Fechas asociadas al nombre 1968-
Término indicativo de función ilustraciones
942 ## - ENTRADA DE ELEMENTOS AGREGADOS (KOHA)
Fuente de clasificaión o esquema Dewey Decimal Classification
Koha [por defecto] tipo de item LIbro
Existencias
Perdido Fuente de clasificación o esquema Estado Físico No para préstamo Forma de adquisición Localización permanente Localización actual Localización en estanterías Fecha adquisición Préstamos totales Signatura completa Código de barras Fecha última consulta Número de copia Fecha del precio de reemplazo Tipo de item de Koha Note pública
  Dewey Decimal Classification     Colección General Biblioteca Pública Cubarral Biblioteca Pública Cubarral General 08/11/2023   Co867 V15e CUB03008 08/11/2023 Ej.1 08/11/2023 LIbro  
  Dewey Decimal Classification     Colección General Biblioteca Pública San Carlos de Guaroa - Eduardo Carranza Biblioteca Pública San Carlos de Guaroa - Eduardo Carranza General 07/14/2025   Co867 V15e SG03729 07/14/2025 Ej.1 07/14/2025 LIbro  
        Sala General Biblioteca Pública Departamental Eduardo Carranza - Villavicencio Biblioteca Pública Departamental Eduardo Carranza - Villavicencio General 03/15/2016   817.44 V14e ECA10805 11/26/2024 Ej.1 11/26/2024 LIbro 18728 | 23910
  Dewey Decimal Classification     Sala General Segundo Piso Biblioteca Pública Germán Arciniegas - Villavicencio Biblioteca Pública Germán Arciniegas - Villavicencio   04/28/2016   Co867 V15e 29989 10/13/2022 Ej. 1 04/28/2016 LIbro  
  Dewey Decimal Classification     Colección General Biblioteca Pública Guamal Biblioteca Pública Guamal General 04/14/2023   Co867 V15e GUA003136 04/14/2023 Ej.1 04/14/2023 Libro Literatura  









Instituto Departamental de Cultura del Meta - Red Departamental de Bibliotecas Públicas del Meta.